[Event "New York Winter Invitational GM-B 2022"]
[Site "New York"]
[Date "2022.01.14"]
[Round "1.1"]
[White "Perez, Robert"]
[Black "Barbosa, Oliver"]
[Result "0-1"]
[WhiteElo "2362"]
[BlackElo "2510"]
[Annotator "TA"]
[PlyCount "131"]
[EventDate "2022.01.11"]
[EventType "tourn"]
[EventCountry "USA"]
[SourceTitle "playchess.com"]
[Source "ChessBase"]
[SourceQuality "1"]

{[%evp 21,131,32,35,44,39,34,45,16,35,0,0,0,10,12,25,19,23,19,27,33,25,25,39,27,24,4,8,-36,-7,-22,0,-45,13,-19,0,0,38,28,93,100,112,10,106,54,47,55,71,39,50,52,75,31,154,0,0,0,0,0,0,0,0,-109,-28,-33,-28,-39,5,0,0,-56,-53,-301,-302,-286,-212,-210,-217,-217,-200,-475,-468,-478,-440,-458,-472,-464,-472,-471,-462,-469,-440,-430,-445,-706,-702,-689,-670,-12761,-625,-12792,-12792,-12808,-12795,-12788,-12302,-6812,-6422,-6317,-6086,-5881,-5177,-5147]} 1. d4 Nf6 2. c4 e6 3. g3 c5 4. d5 exd5 5. cxd5 d6 6. Nc3 g6 7. Nf3 Bg7 8. Bg2 O-O 9. O-O Re8 10. Bf4 a6 11. a4 Nh5 {The main line 11...Nh5 scores better than 11...Ne4.} 12. Bg5 {A62: Modern Benoni: Fianchetto Variation without early ...Nbd7.} Qc7 13. Qd2 Nd7 14. h3 {White is slightly better.} Rb8 15. a5 b5 16. axb6 $1 {[#]} Qxb6 $146 ({Predecessor:} 16... Rxb6 17. Ra2 Ne5 18. Nxe5 Bxe5 19. e4 Bd7 20. Kh2 Reb8 21. f4 {0-1 (21) Kaufman,R (2301)-Gerzhoy,L (2481) Santa Clara 2014}) 17. Ra2 Qb3 18. Bh6 Bh8 19. Rfa1 Nb6 20. g4 Nc4 21. Qc1 Nf6 {[%cal Bh5f6,Bf6d7,Bd7b6][%mdl 32]} 22. Nd2 {Prevents Ne4.} Nxd2 23. Qxd2 Nd7 24. Nd1 (24. Bf4 $11 {is superior.}) 24... Nb6 25. Ra3 Qb4 {Strongly threatening ...Qxd2.} (25... Qb5 $5 {[%cal Rb6c4]} 26. Re3 (26. Nc3 Qb4 $15) 26... Rxe3 27. Qxe3 Bd7 $11) 26. Re3 Bb7 ({Black should play} 26... Rxe3 $15 27. Qxb4 cxb4 28. Bxe3 Nc4) 27. Rxe8+ Rxe8 28. e4 Qb5 29. Bf1 Qb3 (29... Qb4 $11) 30. Ra3 $16 Qb4 31. f3 (31. Bxa6 $6 Bxd5 $1 32. exd5 Re1+ 33. Kg2 Qxd2 34. Bxd2 Rxd1 $11) (31. Qc2 $16 {aiming for Rb3.} c4 32. Be3) 31... Ra8 (31... Bd4+ $11 {remains equal.} 32. Kh2 Bg7) 32. Qxb4 (32. Qc2 $16) 32... cxb4 $14 33. Ra5 Nd7 {[%cal Of7f5]} 34. Bd2 Bd4+ 35. Be3 Bf6 36. Kf2 (36. Kg2 $16) 36... Rc8 (36... Bh4+ $14 37. Kg2 f5) 37. Bd3 $2 (37. Bxa6 Ra8 38. Bxb7 (38. g5 Bg7 $17) 38... Rxa5 $17) (37. Ra4 $1 $16) 37... Ne5 $36 {[%mdl 2048] Black has good play.} 38. Ke2 ({But not} 38. Bxa6 Ra8 39. f4 (39. g5 Bg7 $17) 39... Nd7 $17) 38... Bd8 39. Ra1 a5 40. b3 f5 41. Rc1 {[#]} (41. gxf5 $11 gxf5 42. Bd4) 41... fxe4 (41... Rxc1 $1 $17 42. Bxc1 Nxd3 43. Kxd3 Ba6+ 44. Ke3 Bb6+ 45. Kd2 fxe4 46. fxe4 Bf1) 42. Bxe4 Ba6+ 43. Kd2 Bf6 (43... Rxc1 $15 44. Kxc1 Bf1) 44. Rxc8+ Bxc8 45. Bb6 (45. f4 $11 Nd7 46. Bd3) 45... a4 $1 $15 {[%cal Ba5a4,Ba4a3][%mdl 32] Threatens to win with ...a3.} 46. Ba5 $2 {This costs White the game.} ({White should try} 46. Kc2 $1 $15 Nc4 47. Bf2 (47. bxc4 $2 b3+ 48. Kb1 a3 $19) 47... Na3+ 48. Kc1) 46... a3 $19 (46... axb3 47. Bxb4 Nc4+ 48. Kc1 $15) 47. Bb1 Nxf3+ 48. Ke3 Nd4 49. Ke4 h5 ({Weaker is} 49... Nxb3 50. Bxb4 Ba6 51. Ne3 $17) 50. Ne3 (50. Bxb4 {only move.} hxg4 51. hxg4) 50... hxg4 {Black is clearly winning.} 51. hxg4 {[#]} Nb5 $1 {Hoping for ...Nc3+.} 52. Bxb4 Bc3 53. Bxa3 Nxa3 54. Bd3 Bd7 55. Kf3 Kg7 56. g5 Nb5 {And now ...Nd4+ would win.} 57. Ng2 (57. Ke4 $142) 57... Nd4+ 58. Kf2 Bd2 59. Ne3 Nxb3 (59... Bxe3+ $142 60. Kxe3 Nxb3) 60. Ke2 Bxe3 61. Kxe3 Bf5 {( -> ...Bxd3)} 62. Bc4 Nc5 63. Be2 Kf8 64. Kf4 Ke7 65. Ke3 Kd7 66. Kd4 {Weighted Error Value: White=0.66/Black=0.33} 0-1

[Event "New York Winter Invitational GM-B 2022"]
[Site "New York"]
[Date "2022.01.14"]
[Round "1.2"]
[White "Mandizha, Farai"]
[Black "Rohde, Michael"]
[Result "1/2-1/2"]
[WhiteElo "2377"]
[BlackElo "2345"]
[Annotator "TA"]
[PlyCount "82"]
[EventDate "2022.01.11"]
[EventType "tourn"]
[EventCountry "USA"]
[SourceTitle "playchess.com"]
[Source "ChessBase"]
[SourceQuality "1"]

{[%evp 10,82,-13,-10,0,0,0,-4,0,0,0,0,0,0,0,-16,-20,-12,-21,-16,39,39,62,45,178,72,171,202,167,-38,0,-90,-40,-157,-116,-162,-150,-168,-150,-144,0,-295,-320,-327,-321,-328,-326,-337,-346,-344,-331,-317,-297,-688,-374,-371,-337,-350,-293,-535,-231,-225,-144,-144,-143,-293,-136,-136,-108,-127,-122,-137,-123,-385,-356]} 1. d4 Nf6 2. c4 e6 3. Nf3 d5 4. Nc3 a6 5. Bg5 dxc4 6. a4 c5 {D24: Queen's Gambit Accepted: 3 Nf3 Nf6 4 Nc3.} 7. e3 cxd4 8. exd4 {[#]} h6 $146 {The position is equal.} ({Predecessor:} 8... Nc6 9. Bxc4 Be7 10. O-O O-O 11. Re1 Bd7 12. Qe2 Rc8 13. Rad1 Nd5 14. Bxd5 Bxg5 15. Be4 Bh6 16. d5 exd5 17. Rxd5 g6 18. Red1 Rc7 19. Rd6 Bf4 20. R6d3 {1-0 (41) Wang,H (2680)-Volokitin,A (2668) Calimanesti Caciulata 2016}) 9. Bxf6 Qxf6 10. Bxc4 Bb4 11. O-O O-O 12. Rc1 Nc6 13. Qd3 Rd8 {[%cal Rc6d4]} 14. Rfd1 b6 ({Black should play} 14... Bd7 $11) 15. Qe4 $14 Bb7 16. Bd3 {Threatens to win with Na2. White is more active.} Bd6 (16... Qf5 $14) 17. Qh7+ $1 $18 Kf8 18. Ne4 Qf4 19. Ng3 $2 (19. d5 $18 Ne5 20. Nxd6 Nxf3+ 21. gxf3 Qxd6 22. dxe6 fxe6 23. Bg6 Qxd1+ 24. Rxd1 Rxd1+ 25. Kg2) 19... Ne7 (19... Nxd4 20. Nxd4 Qxd4 21. Be4 (21. Bxa6 Qxa4 22. Nf5 exf5 $11) 21... Bxe4 22. Nxe4 $18 (22. Rxd4 $2 Bxh7 23. Rcd1 Ke7 $19)) (19... Rac8 $5 {[%cal Rc6d4]} 20. Ne2 (20. Nh5 $2 Qg4 $19) 20... Qf6 $15) 20. Qh8+ (20. Nh5 Qg4 21. Ng3 (21. Qh8+ Ng8 $15) 21... Bxf3 22. gxf3 Qg5 $15) 20... Ng8 21. Bh7 (21. Nh5 $1 $15 Qg4 22. Ng3 Bxf3 23. gxf3) 21... Ke7 ({Black should try} 21... Bxf3 22. gxf3 Ke7 23. Qxg7 Nf6) 22. Qxg7 (22. Ne5 $17 Bxe5 23. dxe5) 22... Bxf3 $19 23. gxf3 {Hoping for Re1.} Nf6 $1 {[%cal Od8g8] aiming for ...Rg8!} 24. Bg6 {[%csl Gg6][%cal Rg7f7]} Nd5 (24... Ne8 25. Qh7 Qf6 26. Be4 $14) (24... Rf8 $1 $17 25. Nf5+ Qxf5 $1 26. Bxf5 Rg8 27. Qxg8 Rxg8+ 28. Kf1 (28. Bg4 h5 $17) 28... exf5) 25. Bh5 {[%mdl 8192]} (25. Nf5+ Qxf5 $1 26. Bxf5 Rg8 27. Qxg8 (27. Qg4 $2 exf5 28. Qxg8 Rxg8+ 29. Kh1 Kd7 $19) 27... Rxg8+ 28. Kh1 (28. Bg4 h5 $17) 28... exf5 $17) (25. Re1 $11 {and White is okay.} Rg8 26. Rxe6+ Kd7 27. Qxf7+ Qxf7 28. Bxf7) 25... Rg8 26. Qh7 Rg5 {[%cal Og5h5] Strongly threatening ...Rxh5!} 27. Bg4 Nf6 $1 28. Qd3 h5 (28... Nxg4 29. fxg4 Qxg4 30. Re1 $15) 29. Bh3 (29. h4 Rg7 30. d5 hxg4) 29... h4 {[%mdl 64] Pin} 30. Bg2 Nd5 ({Weaker is} 30... hxg3 31. fxg3 Qf5 32. f4 Qxd3 33. Rxd3 $11) 31. Re1 $2 (31. Qe4) 31... hxg3 32. fxg3 Rxg3 33. hxg3 Qxg3 34. Re4 $2 (34. Re2) 34... Rg8 (34... Nf4 $142 35. Rxf4 Bxf4) 35. Qe2 Nf4 $40 {[%mdl 128] Black is out for blood.} 36. Rxf4 Bxf4 37. Rc2 (37. Rc3 $17) 37... Bd6 ({Worse is} 37... Qh2+ 38. Kf1 $17) (37... Rd8 $1 $19 {[%cal Rd8d4] has better winning chances.} 38. Qe4 Rxd4 $3 {[%mdl 512]} 39. Rc7+ (39. Qxd4 $2 {perishes.} Qe1+ 40. Bf1 Be3+ 41. Qxe3 Qxe3+ 42. Kg2 Qb3 $19) 39... Bxc7 40. Qxd4 Bd6 41. Qxb6 Qf4) 38. Kf1 a5 39. Qe4 Rg5 40. Qb7+ Kf6 41. Qxb6 $2 {[%mdl 8192] [#]} (41. Qe4 $17) 41... Bb4 $1 {[%mdl 32768] Weighted Error Value: White=0.67/Black=0.49. An unexpected result.} 1/2-1/2

[Event "New York Winter Invitational GM-B 2022"]
[Site "New York"]
[Date "2022.01.14"]
[Round "1.3"]
[White "Tsay, Vincent"]
[Black "Jacobson, Brandon"]
[Result "1/2-1/2"]
[WhiteElo "2295"]
[BlackElo "2530"]
[Annotator "TA"]
[PlyCount "62"]
[EventDate "2022.01.11"]
[EventType "tourn"]
[EventCountry "USA"]
[SourceTitle "playchess.com"]
[Source "ChessBase"]
[SourceQuality "1"]

{[%evp 10,62,0,0,-6,-1,0,-20,-26,-42,-19,-27,0,-11,0,-17,0,0,-6,-56,-46,-45,-37,-34,-45,-27,-14,-55,-50,-74,-50,-107,-92,-191,-181,-193,-195,-193,-205,-198,-169,-199,-200,-225,-223,-252,-101,-100,-72,-80,-80,-80,-80,-84,-82]} 1. d4 d5 2. c4 e6 3. Nf3 Nf6 4. g3 Bb4+ 5. Nbd2 dxc4 6. Bg2 b5 {Prevents Qa4. E04: Open Catalan: 5 Nf3.} 7. O-O $1 {[%cal Od2c4]} O-O 8. Ne1 c6 {The position is equal.} 9. Nc2 Be7 10. a4 Ba6 11. axb5 Bxb5 12. Nb1 Nbd7 13. Nc3 {[#]} Nd5 $146 ({Predecessor:} 13... Qb6 14. e4 a5 15. Ra2 Rfd8 16. Be3 a4 17. Qe2 Qb7 18. f4 Ba6 19. g4 Ne8 {½-½ (74) Pilgram,K (1816)-Bokros,J (1652) LSS email 2013}) 14. Qd2 (14. Nxb5 $11 cxb5 15. e4) 14... a5 $15 15. Rd1 Qb6 16. Na3 Ba6 17. e4 Nxc3 18. Qxc3 (18. bxc3 $11 e5 19. Rb1) 18... Qb3 19. Nc2 Bb5 20. Bf1 ({White should try} 20. Be3 $15) 20... Nb6 $17 21. Ne3 (21. Be3 $17 {keeps fighting.}) 21... Bb4 $19 22. Qxb3 cxb3 23. Bd2 Bxd2 24. Rxd2 a4 25. Rc1 Rfd8 26. Rdd1 Rac8 27. Rc5 Nd7 (27... a3 $19 {is more deadly. aiming for ...Na4.} 28. bxa3 (28. Bxb5 $2 cxb5 29. bxa3 b2 $19) 28... Na4) 28. Rcc1 $17 {Black is better.} Nf6 29. f3 Kf8 30. Nc4 Rb8 31. Na3 Ne8 {Weighted Error Value: White=0.16 (very precise) /Black=0.13 (very precise)} 1/2-1/2

[Event "New York Winter Invitational GM-B 2022"]
[Site "New York"]
[Date "2022.01.14"]
[Round "1.4"]
[White "Grinberg, Eyal"]
[Black "Martinez Alcantara, Jose Eduardo"]
[Result "1-0"]
[WhiteElo "2492"]
[BlackElo "2615"]
[Annotator "TA"]
[PlyCount "75"]
[EventDate "2022.01.11"]
[EventType "tourn"]
[EventCountry "USA"]
[SourceTitle "playchess.com"]
[Source "ChessBase"]
[SourceQuality "1"]

{[%evp 17,75,7,8,17,8,19,13,14,30,29,45,43,60,67,79,52,105,104,97,102,128,127,137,127,133,126,126,103,104,88,113,105,117,115,120,97,150,144,151,160,294,298,331,331,404,390,385,351,580,543,691,592,1010,1056,1231,1230,1189,1125,1093,1045]} 1. e4 c5 2. Nf3 d6 3. d4 cxd4 4. Nxd4 Nf6 5. Nc3 a6 6. Be2 e5 7. Nb3 Be7 8. Qd3 Be6 9. O-O O-O 10. Bd2 {B92: Sicilian Najdorf: 6 Be2.} Nbd7 11. Nd5 Bxd5 12. exd5 {The position is equal.} Rc8 13. c4 Ne8 {[#]} 14. Na5 $146 ({Predecessor:} 14. Bc3 Bg5 15. g3 g6 16. h4 Bh6 17. h5 Ng7 18. hxg6 hxg6 19. Kg2 Nf5 20. Rh1 {1-0 (30) Bernadskiy,V (2330)-Promskij,G (2084) Odessa 2009}) 14... Rc7 15. b4 f5 16. Rfd1 Kh8 ({Better is} 16... e4 $14 17. Qh3 g6) 17. Rac1 $1 $16 Qc8 18. a4 e4 19. Qg3 Bf6 {[#]} 20. c5 $1 {c6 is the strong threat.} Bb2 21. Rb1 Be5 22. Bf4 Bxf4 23. Qxf4 b6 (23... dxc5 $2 24. d6 Nxd6 25. Qxd6 $18) 24. Nc6 $36 {[%mdl 2048] White is in control.} ({Not} 24. cxd6 Rc2 25. Nc6 Rxe2 $17) 24... bxc5 25. b5 axb5 26. Bxb5 Ndf6 (26... Nb8 $142) 27. a5 {[%cal Ba4a5,Ba5a6,Ba6a7][%mdl 1056] White has strong compensation.} g5 28. Qd2 {aiming for a6.} (28. Qxg5 Rg8 29. Qc1 f4 30. Qxf4 Qh3 $11) 28... Rg7 (28... f4 $16 {was called for.}) 29. Bc4 $18 {Hoping for Rb8.} f4 {[#]} 30. a6 $1 f3 31. a7 Qg4 {[%csl Gf3][%cal Rg4g2]} 32. Bf1 {Active counter play!} Nc7 (32... Rxa7 33. Nxa7 fxg2 34. Bxg2 Ng7) 33. Rb8 {White is clearly winning.} Rgf7 34. g3 Na8 35. Rdb1 {[%cal Bd1b1,Bb1b7,Bb7b8][%mdl 32]} Qf5 36. R1b7 {White threatens Rxf7 and mate.} Kg7 37. Rxf8 Kxf8 38. Rb8+ {Black did not feel at home in the position after the opening.  Weighted Error Value: White=0.05 (flawless) /Black=0.36} 1-0

[Event "New York Winter Invitational GM-B 2022"]
[Site "New York"]
[Date "2022.01.14"]
[Round "1.5"]
[White "Tian, Eddy"]
[Black "Korley, Kassa"]
[Result "1-0"]
[WhiteElo "2411"]
[BlackElo "2394"]
[Annotator "TA"]
[PlyCount "117"]
[EventDate "2022.01.11"]
[EventType "tourn"]
[EventCountry "USA"]
[SourceTitle "playchess.com"]
[Source "ChessBase"]
[SourceQuality "1"]

{[%evp 23,117,35,45,58,63,35,48,41,35,34,27,43,120,123,114,113,123,87,123,116,126,128,136,104,119,102,106,114,103,108,164,129,116,124,139,105,169,167,271,120,116,100,111,103,112,75,77,73,72,76,85,83,114,114,114,114,114,114,114,114,121,114,114,114,114,114,114,114,114,114,114,114,114,114,114,0,375,368,353,318,263,249,12582,10983,29968,29970,29967,29968,29963,29943,29948,29948,29951,29947,5057,4133]} 1. d4 Nf6 2. c4 e6 3. Nf3 c5 4. d5 exd5 5. cxd5 d6 6. Nc3 g6 7. Bf4 Bg7 8. Qa4+ Bd7 9. Qb3 b5 {[%cal Bb7b5,Bb5b4][%mdl 32]} 10. Bxd6 Qb6 11. Be5 O-O 12. e3 c4 13. Qd1 {A61: Modern Benoni: Nf3 without early e4.} b4 14. Nb1 ({Reject} 14. Bxc4 bxc3 15. Bxc3 Re8 $15) (14. Ne2 $5 {[%cal Re2f4]}) 14... Rc8 15. Be2 {White is slightly better.} Bb5 {[%cal Oc4c3]} 16. a3 Nbd7 17. Bd4 {[#]} Qb7 $146 (17... Qa5 $1 $14) ({Predecessor:} 17... Qa5 18. O-O Bf8 19. d6 Ne4 20. Nbd2 Nxd6 21. axb4 Qxb4 22. Bc3 Qc5 23. Nd4 a6 {½-½ (46) Spalir,J (2342)-Lalith,B (2530) Pardubice 2017}) 18. axb4 $16 Nxd5 19. O-O {Threatens to win with Bxg7.} Nxb4 20. Na3 {Bxg7 is the strong threat.} a6 21. Bxg7 Kxg7 22. b3 Nf6 23. Nxc4 {[#] And now Nd6 would win.} Rd8 24. Qc1 Qe7 25. Qb2 Rab8 26. Nd4 Nc6 (26... Kg8 $16 27. Rfb1 Ne4) 27. Nxb5 axb5 28. Na3 Qb4 29. Rfd1 {To avoid Rd2} Rxd1+ (29... Na5 $16 {was necessary.}) 30. Rxd1 $18 Na5 (30... h6 $142 31. Nc2 Qe7) 31. Nxb5 (31. g4 $18 {aiming for g5.} h6 32. h4) 31... Qxb3 $16 32. Qe5 Nc6 33. Qc5 {White is more active.} Qb2 34. Nc3 ({But not} 34. Qxc6 $2 Qxe2 35. Nc3 Qc2 $19) (34. Kf1 {is interesting.} Ne5 35. Nd4 Ned7 36. Qg5 Qb1 37. Qa5) 34... Rb3 35. Qxc6 Rxc3 36. Qf3 Rc2 37. Bd3 Rc1 38. Rxc1 Qxc1+ 39. Bf1 Qc3 40. g3 Qe5 41. Qd1 h5 42. h4 Qe7 43. Bg2 Kg8 44. Qd4 Qe6 45. Bf3 Kg7 46. Kg2 Qe7 47. Bc6 Qe6 48. Qa4 Ng4 49. Qd4+ ({White should try} 49. Bf3 $16) 49... Kg8 $2 {[%mdl 8192]} (49... Nf6 $1 $11 50. Ba4 Qa2) 50. Bd7 $18 Qe7 51. Bxg4 hxg4 52. Qxg4 {[%mdl 4096] [#] Endgame h5 would kill now. KQ-KQ} Qe5 {Prevents h5.} (52... Kh7 53. h5 gxh5 54. Qxh5+ Kg7) 53. h5 Kh7 54. hxg6+ fxg6 55. Qh4+ Kg8 56. Qd8+ Kh7 57. Qd7+ Kh6 58. Qd4 Qe8 59. e4 {Weighted Error Value: White=0.12 (very precise) /Black=0.41} 1-0

[Event "New York Winter Invitational GM-B 2022"]
[Site "New York"]
[Date "2022.01.14"]
[Round "2.1"]
[White "Barbosa, Oliver"]
[Black "Korley, Kassa"]
[Result "1/2-1/2"]
[WhiteElo "2510"]
[BlackElo "2394"]
[Annotator "TA"]
[PlyCount "42"]
[EventDate "2022.01.11"]
[EventType "tourn"]
[EventCountry "USA"]
[SourceTitle "playchess.com"]
[Source "ChessBase"]
[SourceQuality "1"]

{[%evp 13,42,15,40,0,34,13,18,7,55,55,59,53,58,47,49,42,41,41,41,39,45,32,41,33,35,25,21,31,32,-18,-3]} 1. e4 e6 2. d4 d5 3. e5 c5 4. c3 Nc6 5. Nf3 Bd7 6. Be2 Qb6 7. O-O Nge7 {Recently 7...Nh6 got a lot of attention.} 8. Na3 {C02: French: Advance Variation.} a6 9. Nc2 cxd4 10. cxd4 {[#]} f6 $146 (10... Nf5 $11) ({Predecessor:} 10... Nb4 11. Ne3 Ng6 12. g3 Bb5 13. Bxb5+ Qxb5 14. Qb3 Be7 15. Bd2 Nc6 16. Qc2 O-O 17. a4 Qb6 18. Qd3 Bb4 19. Bxb4 Nxb4 20. Qb3 Rfc8 21. Rfc1 {½-½ (21) Kunisch,S (2041)-Sinnwell,H (2037) Nordrheinwestfalen 2019}) 11. Bd3 $14 Ng6 {[#]} 12. Nh4 $1 Nxh4 ({Not} 12... Ncxe5 13. dxe5 Nxe5 14. Be3 $16) 13. Qh5+ g6 14. Qxh4 {[%cal Od3g6] Bxg6+! is the strong threat.} f5 15. b4 Be7 (15... Nxb4 $2 16. Rb1 $18) 16. Qh6 Nd8 (16... Nxd4 $2 17. Qg7 O-O-O 18. Be3 $18) 17. a4 $1 {Inhibits Bb5.} Nf7 18. Qe3 O-O 19. Kh1 Rfc8 ({Weaker is} 19... Bxb4 20. Nxb4 Qxb4 21. Ba3 $16) 20. Bd2 Qd8 21. Qe2 (21. Ra2 $14) 21... Qe8 {Weighted Error Value: White=0.09 (flawless) /Black=0.07 (flawless)} 1/2-1/2

[Event "New York Winter Invitational GM-B 2022"]
[Site "New York"]
[Date "2022.01.14"]
[Round "2.2"]
[White "Martinez Alcantara, Jose Eduardo"]
[Black "Tian, Eddy"]
[Result "1/2-1/2"]
[WhiteElo "2615"]
[BlackElo "2411"]
[Annotator "TA"]
[PlyCount "132"]
[EventDate "2022.01.11"]
[EventType "tourn"]
[EventCountry "USA"]
[SourceTitle "playchess.com"]
[Source "ChessBase"]
[SourceQuality "1"]

{[%evp 9,132,16,15,12,8,-26,-17,-23,-38,-22,-35,-31,-20,-9,7,0,22,0,97,33,217,219,196,175,182,183,174,171,170,152,157,0,25,0,0,0,0,0,4,0,0,4,3,0,0,0,0,0,0,0,0,0,6,0,0,0,4,5,5,0,0,0,0,0,0,-27,-11,-34,0,0,0,0,0,0,6,0,35,35,35,0,11,7,15,15,14,0,28,13,4,0,0,0,0,0,0,0,0,0,0,0,0,0,0,0,0,0,0,0,0,0,0,0,0,0,133,77,133,0,0,0,0,0,0,0,0]} 1. e4 c6 2. d4 d5 3. e5 Bf5 4. h4 h5 5. Bd3 Bxd3 6. Qxd3 {[%cal Oe5e6] B12: Caro-Kann: Advance Variation.} Qa5+ $1 {[%mdl 4] now scores much better than the old 6...e6.} 7. b4 Qxb4+ 8. Nd2 {[%cal Oe5e6]} e6 9. Rb1 Qe7 10. Ne2 {[#]} Qc7 $146 ({Predecessor:} 10... b5 11. Nf3 Na6 12. O-O Nc7 13. a4 Qd7 14. Nf4 a5 15. Bd2 Ne7 16. Ra1 b4 {1-0 (40) Pichot,A (2628)-Gretarsson,H (2577) Riga 2021}) 11. c4 $36 {[%mdl 2048] White fights for an advantage.} Ne7 12. O-O Nd7 13. Ba3 c5 (13... Nb6 $11) 14. Nf4 {White is more active.} ({Better is} 14. Nc3 $16 {And now Nb5 would win.} a6 15. Bxc5) 14... dxc4 $2 (14... O-O-O $14) 15. Nxc4 $18 Nc6 16. d5 Ncxe5 17. Nxe5 Nxe5 18. Qb5+ Qd7 19. Qe2 ({Reject} 19. Qxb7 $6 Qxb7 20. Rxb7 exd5 $11) 19... Qc7 20. Qb5+ (20. Bb2 $16 Ng4 21. f3 $1) 20... Qd7 $11 21. Qxb7 (21. Qb3 {looks sharper.} c4 22. Qg3 Bxa3 23. Qxa3 Qe7 24. Qxe7+ Kxe7 25. Rxb7+ Kf6 26. dxe6 Kf5 27. g3) 21... Qxb7 22. Rxb7 exd5 23. Nxd5 Rd8 24. Ne3 Rd7 25. Rfb1 {[%cal Oa3c5]} Nc6 $1 26. Rxd7 Kxd7 27. Rb7+ Ke6 28. Rc7 Nb4 29. Rc8 g6 30. Bb2 f6 $1 31. Re8+ Kf7 32. Ra8 Nc6 33. Rc8 Nd4 34. Rc7+ Ke6 35. Rxa7 Bd6 36. Nc4 {aiming for Bxd4.} Rb8 37. Ra4 (37. Ra6 $5 {[%cal Ra6d6]} Kd5 38. Ne3+ Ke6 39. Nc4 $11) 37... Kd5 38. g3 Nf3+ 39. Kg2 Ne5 40. Ne3+ Ke6 41. Bc3 Nd3 42. Nc4 Be7 43. Ra6+ Kf7 44. Ne3 Rb7 45. Kf3 Nb4 46. Ra8 Ke6 47. a4 Nd5 48. Ra6+ Bd6 49. Nxd5 Kxd5 {[%mdl 4096] Endgame KRB-KRB} 50. Ke2 ({Avoid the trap} 50. Bxf6 $2 Rf7 51. Ke2 Rxf6 $19) 50... Be5 51. Bxe5 Kxe5 {KR-KR} 52. Rc6 Rb2+ 53. Ke3 Rc2 54. a5 c4 {[%cal Bc5c4,Bc4c3,Bc3c2][%mdl 32]} 55. Rc5+ Kd6 56. Rb5 c3 {[%cal Oc2f2]} 57. Rb6+ Ke7 58. a6 {Threatens to win with Kd3.} Ra2 59. f3 ({Don't take} 59. Rc6 g5 $14) 59... c2 60. Kd2 Kf7 61. Kc1 f5 {[#]} (61... g5 $11 {keeps the balance.}) 62. Rc6 ({White should play} 62. f4 $1) 62... Kg7 (62... f4 $142 63. gxf4 Kg7) 63. Rc7+ (63. Rd6 $16) 63... Kf6 {The position is equal.} 64. a7 Ke6 65. Kd2 Kf6 66. Rc6+ Kf7 {Black escapes into a draw.  Weighted Error Value: White=0.11 (very precise) /Black=0.13 (very precise)} 1/2-1/2

[Event "New York Winter Invitational GM-B 2022"]
[Site "New York"]
[Date "2022.01.14"]
[Round "2.3"]
[White "Jacobson, Brandon"]
[Black "Grinberg, Eyal"]
[Result "1/2-1/2"]
[WhiteElo "2530"]
[BlackElo "2492"]
[Annotator "TA"]
[PlyCount "96"]
[EventDate "2022.01.11"]
[EventType "tourn"]
[EventCountry "USA"]
[SourceTitle "playchess.com"]
[Source "ChessBase"]
[SourceQuality "1"]

{[%evp 12,96,15,12,20,21,20,18,20,23,16,23,58,64,43,52,47,54,39,44,74,86,87,34,36,9,19,10,17,14,8,12,20,31,28,19,20,10,20,0,13,19,14,6,37,20,32,19,46,34,43,42,61,44,79,62,84,87,131,26,28,36,24,25,48,29,42,22,23,0,0,0,0,0,0,0,0,0,17,0,0,0,22,0,5,0,41]} 1. d4 d5 2. c4 c6 3. Nf3 Nf6 4. e3 e6 5. Bd3 Nbd7 6. b3 Bd6 7. Bb2 O-O {A06: Réti Opening: 1 Nf3 d5.} 8. O-O b6 9. Nbd2 Bb7 10. Qe2 Qe7 $1 {The main line 10...Qe7 scores better than 10...c5.} 11. Rad1 c5 (11... Rfd8 {keeps more tension.} 12. e4 Nxe4 13. Nxe4 dxe4 14. Qxe4 Nf6) 12. e4 $1 dxe4 13. Nxe4 Nxe4 14. Bxe4 Bxe4 15. Qxe4 {[#]} Rad8 $146 {[#]} ({Predecessor:} 15... Nf6 16. Qh4 cxd4 17. Nxd4 Rfc8 18. Rd3 a6 19. Rfd1 Ne8 20. Qe4 Qf6 21. g3 Qe5 {1-0 (32) Neverov,V (2483)-Nikitenko,M (2369) St Petersburg 2017}) 16. Rfe1 $1 Rfe8 17. Qc2 ({White should try} 17. d5 $16) 17... Nf8 $14 18. Rd3 Qc7 19. g3 cxd4 20. Nxd4 a6 {Inhibits Nb5.} 21. Red1 Ng6 22. Qe2 Bc5 23. Qe4 Qe5 24. Qb7 Qf6 25. Qe4 {Active counter play!} Qe5 26. Qf3 Qc7 27. Qc6 Qe7 28. Qe4 {Prevents Ne5.} Qc7 29. Bc3 Rc8 30. h4 Nf8 31. Qg4 {[%cal Od4f5] [#] Nf5! is the strong threat.} f5 32. Qe2 h6 33. Kg2 b5 34. cxb5 axb5 (34... Bxd4 $142 35. Bxd4 Qb7+ 36. Kg1 axb5) 35. Nf3 (35. Nxb5 $16 Qb7+ 36. Rf3) 35... b4 $11 36. Be5 Qb7 37. Kh2 Be7 38. Qb2 Bc5 39. R1d2 Re7 40. Bd4 Bxd4 {The position is equal.} 41. Qxd4 Rd7 42. Qe3 {aiming for Rxd7.} Rxd3 43. Rxd3 Qe4 44. Qd2 Kh7 {[%cal Of5f4]} 45. Kg2 Qb7 46. Kh2 Qe4 {[%cal Of5f4]} 47. Kg2 Qb7 48. Kh2 Qe4 {Weighted Error Value: White=0.12 (very precise) /Black=0.07 (flawless)} 1/2-1/2